[Event "42.OStM"]
[Site "Bergisch Gladbach"]
[Date "2022.09.22"]
[Round "4.12"]
[White "Hoferichter, Michael"]
[Black "Klein, Dieter"]
[Result "1/2-1/2"]
[WhiteElo "1468"]
[BlackElo "1587"]
[PlyCount "44"]
[EventDate "2022.??.??"]
[EventType "swiss"]
[EventRounds "7"]
[SourceVersionDate "2022.09.06"]

1. c4 Nf6 2. Nc3 g6 3. d4 Bg7 4. e4 d6 5. Nf3 Bg4 6. Be2 O-O 7. O-O a6 8. Be3
Nbd7 9. h3 Bxf3 10. Bxf3 e5 11. d5 h6 12. Qd2 Kh7 13. g4 Ng8 14. Kh2 Qf6 15.
Kg3 g5 16. Rh1 Ne7 17. h4 gxh4+ 18. Rxh4 Ng6 19. Bg5 Nxh4 20. Bxf6 Bxf6 21. Rh1
Bg5 22. Qe2 Ng6 1/2-1/2

[Event "42.OStM"]
[Site "Bergisch Gladbach"]
[Date "2022.09.22"]
[Round "4.13"]
[White "Stetten, Joachim"]
[Black "Birk, Wilfried"]
[Result "1/2-1/2"]
[WhiteElo "1515"]
[BlackElo "1409"]
[PlyCount "57"]
[EventDate "2022.??.??"]
[EventType "swiss"]
[EventRounds "7"]
[SourceVersionDate "2022.09.06"]

1. e4 d5 2. exd5 Qxd5 3. Nc3 Qa5 4. d4 Nf6 5. Bd3 c6 6. h3 Bf5 7. Bxf5 Qxf5 8.
Nf3 Nbd7 9. O-O Qa5 10. a3 e6 11. Re1 Bb4 12. Bd2 Bxc3 13. Bxc3 Qc7 14. b4 O-O
15. Qd3 Rad8 16. Qe2 Nd5 17. Bb2 Rfe8 18. Ne5 N5b6 19. Rad1 Nf8 20. c4 Nbd7 21.
Qf3 Nxe5 22. dxe5 Rxd1 23. Rxd1 Rd8 24. Qe2 Ng6 25. Rxd8+ Qxd8 26. Bc1 Qc7 27.
f4 Qd8 28. Qd2 Qxd2 29. Bxd2 1/2-1/2

[Event "42.OStM"]
[Site "Bergisch Gladbach"]
[Date "2022.09.22"]
[Round "4.15"]
[White "Bernecker, Jan Magnus"]
[Black "Schüers, Christian"]
[Result "1-0"]
[WhiteElo "1462"]
[BlackElo "1480"]
[PlyCount "71"]
[EventDate "2022.??.??"]
[EventType "swiss"]
[EventRounds "7"]
[SourceVersionDate "2022.09.06"]

1. e4 d6 2. d4 g6 3. Nf3 Bg7 4. Bc4 e6 5. Nc3 Ne7 6. Bg5 c6 7. O-O O-O 8. Qd2
Qc7 9. Rfe1 a5 10. a4 Na6 11. Na2 c5 12. Bxe7 Qxe7 13. Qxa5 cxd4 14. Bxa6 Rxa6
15. Qb4 e5 16. b3 Be6 17. Qb5 Qc7 18. Rac1 Bh6 19. Rb1 Rc8 20. Re2 Ra5 21. Qd3
Rc5 22. Rb2 f5 23. Nh4 fxe4 24. Qxe4 Qf7 25. Qf3 Qe7 26. Qe4 Kg7 27. Nf3 Bf5
28. Qxd4 Kg8 29. c4 Bg7 30. Qd1 e4 31. Rbd2 Rd8 32. Nb4 Qd7 33. Nd4 Be5 34.
Nxf5 Qxf5 35. Rd5 Rxd5 36. Qxd5+ 1-0

[Event "42.OStM"]
[Site "Bergisch Gladbach"]
[Date "2022.09.22"]
[Round "4.17"]
[White "Zimmermann, Wolfgang"]
[Black "Ramien, Eva"]
[Result "1-0"]
[WhiteElo "1303"]
[BlackElo "994"]
[PlyCount "79"]
[EventDate "2022.??.??"]
[EventType "swiss"]
[EventRounds "7"]
[SourceVersionDate "2022.09.06"]

1. d4 d5 2. c4 dxc4 3. e3 Nf6 4. Bxc4 Nc6 5. Nc3 e6 6. a3 Be7 7. Nf3 Bd7 8. O-O
O-O 9. Re1 h6 10. b4 Bd6 11. e4 a6 12. e5 Bxe5 13. dxe5 Nh7 14. Bb2 Ne7 15. Bd3
Ng6 16. Bxg6 fxg6 17. Qc2 Qe8 18. Rac1 Bc6 19. Nd4 Qf7 20. Nxc6 bxc6 21. Ne4
Kh8 22. Re2 Rg8 23. Qxc6 Qf4 24. Rf1 Qf7 25. Rc2 Rgc8 26. Nc5 Re8 27. Rd2 Red8
28. Rxd8+ Rxd8 29. Ne4 Qf5 30. f3 Ng5 31. Nxg5 Qxg5 32. f4 Qe7 33. Rc1 Rc8 34.
Bd4 Qf7 35. Be3 Kh7 36. Rd1 Qf5 37. Qxa6 Re8 38. Qd3 Qf7 39. Qd7 Qxd7 40. Rxd7
1-0

[Event "42.OStM"]
[Site "Bergisch Gladbach"]
[Date "2022.09.22"]
[Round "4.18"]
[White "Höffken, Hartmut"]
[Black "Steinhausen, Karl-Heinz"]
[Result "1/2-1/2"]
[WhiteElo "841"]
[BlackElo "1000"]
[PlyCount "154"]
[EventDate "2022.??.??"]
[EventType "swiss"]
[EventRounds "7"]
[SourceVersionDate "2022.09.06"]

1. d4 d5 2. c4 e6 3. Nc3 Nf6 4. cxd5 exd5 5. Bg5 Be7 6. e3 O-O 7. Bd3 Nbd7 8.
Qc2 g6 9. Nf3 b6 10. O-O Bb7 11. Rab1 c5 12. Rfe1 Re8 13. b3 Qc7 14. Bf4 Bd6
15. Bxd6 Qxd6 16. Bb5 cxd4 17. exd4 Rac8 18. Qd3 a6 19. Bxd7 Qxd7 20. Rbc1 b5
21. b4 Qd8 22. Qd1 Ne4 23. Nxe4 dxe4 24. Ne5 Qd5 25. Rc5 Rxc5 26. bxc5 f6 27.
Ng4 Kg7 28. Qa1 e3 29. f3 e2 30. Qb2 h5 31. Nf2 Re3 32. Rxe2 Rxe2 33. Qxe2 Kh6
34. Ne4 f5 35. Nd6 Qxd4+ 36. Qf2 Qd1+ 37. Qf1 Qd5 38. Qc1+ g5 39. Nxb7 Qxb7 40.
c6 Qc7 41. Qc3 Kh7 42. Qf6 f4 43. Qf5+ Kh8 44. Qf8+ Kh7 45. Qf5+ Kh8 46. Qd5 b4
47. Qd7 Qb6+ 48. Kf1 Qb5+ 49. Ke1 Qe5+ 50. Kd2 Qe3+ 51. Kc2 Qc3+ 52. Kb1 Qe1+
53. Kb2 Qc3+ 54. Kb1 Qe1+ 55. Kc2 Qc3+ 56. Kd1 Qa1+ 57. Ke2 Qxa2+ 58. Qd2 Qe6+
59. Kd3 Qxc6 60. Qxb4 Qd5+ 61. Qd4+ Qxd4+ 62. Kxd4 a5 63. Kc4 a4 64. Kb4 a3 65.
Kxa3 Kg7 66. Kb4 Kf6 67. Kc4 Ke5 68. Kd3 g4 69. Ke2 Kf5 70. Kf2 h4 71. g3 Kg5
72. gxf4+ Kxf4 73. Kg2 gxf3+ 74. Kf2 h3 75. Kf1 Ke3 76. Ke1 f2+ 77. Kf1 Kf3
1/2-1/2

[Event "42.OStM"]
[Site "Bergisch Gladbach"]
[Date "2022.09.30"]
[Round "5.1"]
[White "Gelsok, Philipp"]
[Black "Belyaev, Ilja"]
[Result "0-1"]
[WhiteElo "1988"]
[BlackElo "2091"]
[PlyCount "116"]
[EventDate "2022.??.??"]
[EventType "swiss"]
[EventRounds "7"]
[SourceVersionDate "2022.09.06"]

1. e4 c5 2. Nf3 d6 3. d4 cxd4 4. Nxd4 Nf6 5. Nc3 a6 6. Bg5 e6 7. f4 Nbd7 8. Qf3
Qc7 9. O-O-O b5 10. Nxe6 fxe6 11. e5 Bb7 12. Qh3 dxe5 13. Qxe6+ Be7 14. Bxf6
gxf6 15. Bxb5 axb5 16. Nxb5 Qc6 17. Nd6+ Kd8 18. Nxb7+ Qxb7 19. Rxd7+ Qxd7 20.
Rd1 Qxd1+ 21. Kxd1 exf4 22. a4 Ra7 23. Qb6+ Rc7 24. Qb8+ Rc8 25. Qxf4 Ke8 26.
Qg4 Kf7 27. Qh5+ Kg7 28. Qg4+ Kf7 29. Qh5+ Ke6 30. Qe2+ Kf7 31. Qh5+ Ke6 32.
Qe2+ Kd7 33. Qb5+ Rc6 34. b4 Kc7 35. Qa5+ Rb6 36. c3 Rc8 37. Qf5 Kd8 38. Qa5
Kc7 39. Kc2 Bd6 40. Kb3 Kb7 41. Qd5+ Kb8 42. a5 Rbc6 43. c4 Bxh2 44. Ka4 Rxc4
45. Qb5+ Ka8 46. Qa6+ Kb8 47. Qb6+ Ka8 48. Qxf6 Bg1 49. Kb5 R4c7 50. Qf3+ Ka7
51. Ka4 Rc4 52. Kb5 R8c7 53. Qd5 Rd4 54. Qe6 Rb7+ 55. Ka4 Rdxb4+ 56. Ka3 Bc5
57. Qd5 Rb3+ 58. Ka2 Ra3# 0-1

[Event "42.OStM"]
[Site "Bergisch Gladbach"]
[Date "2022.09.30"]
[Round "5.2"]
[White "Weclawski, Roman"]
[Black "Themm, Rainer"]
[Result "1-0"]
[WhiteElo "1906"]
[BlackElo "1843"]
[PlyCount "65"]
[EventDate "2022.??.??"]
[EventType "swiss"]
[EventRounds "7"]
[SourceVersionDate "2022.09.06"]

1. e4 c5 2. d4 cxd4 3. c3 d5 4. exd5 Qxd5 5. Nf3 Nc6 6. cxd4 e6 7. Nc3 Bb4 8.
Be2 Nge7 9. O-O Qd8 10. Qb3 O-O 11. Rd1 Nd5 12. Ne5 Qa5 13. Nxc6 bxc6 14. Bd2
Nxc3 15. bxc3 Bd6 16. Bf3 Qc7 17. g3 Rb8 18. Qc2 e5 19. Rab1 Be6 20. Be3 exd4
21. Bxd4 c5 22. Be3 Rxb1 23. Rxb1 Rb8 24. Rd1 Rd8 25. Be4 g6 26. c4 Qe7 27. h4
Bc7 28. Re1 Bb6 29. Bg5 f6 30. Bd5 Rxd5 31. cxd5 fxg5 32. Rxe6 Qd8 33. Qe4 1-0

[Event "42.OStM"]
[Site "Bergisch Gladbach"]
[Date "2022.09.30"]
[Round "5.3"]
[White "Müller, Rene"]
[Black "Mohaupt, Sascha"]
[Result "0-1"]
[WhiteElo "1919"]
[BlackElo "2209"]
[PlyCount "110"]
[EventDate "2022.??.??"]
[EventType "swiss"]
[EventRounds "7"]
[SourceVersionDate "2022.09.06"]

1. e4 c5 2. Nf3 d6 3. d4 cxd4 4. Nxd4 Nf6 5. Nc3 a6 6. Bg5 e6 7. f4 b5 8. Nf3
b4 9. Ne2 Be7 10. e5 dxe5 11. Qxd8+ Bxd8 12. fxe5 Nd5 13. Bxd8 Kxd8 14. O-O-O
Ke7 15. Ned4 Bb7 16. Bd3 Nf4 17. Rhf1 h6 18. g3 Nxd3+ 19. Rxd3 Nd7 20. Re3 Rac8
21. Nd2 Rc5 22. Rfe1 Rhc8 23. N2b3 R5c7 24. Nd2 Bd5 25. a3 a5 26. Nb1 Rc4 27.
Rd1 R4c5 28. c3 Ba2 29. axb4 axb4 30. Nd2 bxc3 31. Rxc3 Rxc3+ 32. bxc3 Nxe5 33.
Kc2 Bd5 34. Ra1 Ra8 35. Rxa8 Bxa8 36. c4 Kd6 37. Kc3 Ng4 38. Nb5+ Ke5 39. h4
Ne3 40. Nb3 Nf5 41. Nc5 Nxg3 42. Nd7+ Kf4 43. Nd6 Ne4+ 44. Nxe4 Bxe4 45. Kd4 f6
46. c5 e5+ 47. Kc4 Kg4 48. Nb6 Bb7 49. Nd5 Kxh4 50. Ne7 Kg4 51. Kb5 h5 52. Nc6
h4 53. Kb6 Bxc6 54. Kxc6 h3 55. Kb7 h2 0-1

[Event "42.OStM"]
[Site "Bergisch Gladbach"]
[Date "2022.09.30"]
[Round "5.4"]
[White "Türkkan, Nuh"]
[Black "Eilers, Jochen"]
[Result "1/2-1/2"]
[WhiteElo "1842"]
[BlackElo "1939"]
[PlyCount "51"]
[EventDate "2022.??.??"]
[EventType "swiss"]
[EventRounds "7"]
[SourceVersionDate "2022.09.06"]

1. c4 c5 2. Nf3 Nc6 3. g3 e5 4. Nc3 g6 5. Bg2 Bg7 6. O-O Nge7 7. d3 O-O 8. Be3
d6 9. Qd2 Nf5 10. Nd5 Be6 11. Ng5 Nxe3 12. Qxe3 Nd4 13. Qd2 Nxe2+ 14. Qxe2 Qxg5
15. Nc7 Rab8 16. Nxe6 fxe6 17. h4 Qf6 18. a3 b5 19. b4 cxb4 20. axb4 bxc4 21.
dxc4 Rxb4 22. Rxa7 e4 23. Qxe4 d5 24. Qe1 Rxc4 25. Ra6 Rc2 26. Rxe6 1/2-1/2

[Event "42.OStM"]
[Site "Bergisch Gladbach"]
[Date "2022.09.30"]
[Round "5.6"]
[White "Kuhn, Andreas"]
[Black "Hertling, Jürgen"]
[Result "1/2-1/2"]
[WhiteElo "1919"]
[BlackElo "1680"]
[PlyCount "83"]
[EventDate "2022.??.??"]
[EventType "swiss"]
[EventRounds "7"]
[SourceVersionDate "2022.09.06"]

1. d4 Nf6 2. c4 g6 3. Nf3 Bg7 4. g3 O-O 5. Bg2 d5 6. cxd5 Nxd5 7. O-O Nb6 8.
Nc3 Nc6 9. e3 Bg4 10. h3 Be6 11. Ng5 Bc4 12. Re1 h6 13. Nge4 Nd5 14. Qa4 Nb6
15. Qc2 Nb4 16. Qd2 e5 17. b3 Be6 18. Ba3 a5 19. d5 N6xd5 20. Nxd5 Bxd5 21.
Bxb4 axb4 22. Qxb4 Bc6 23. Red1 Qc8 24. a4 Bxe4 25. Qxe4 c6 26. Qb4 Qc7 27. Ra2
Rfd8 28. Rad2 Rxd2 29. Rxd2 Bf8 30. Qc3 Bg7 31. Qd3 Bf6 32. Qd6 Qd8 33. Qb4 Qc7
34. Bf1 Rd8 35. Bc4 Rxd2 36. Qxd2 Qd8 37. Qe2 Kg7 38. Qf3 Qd7 39. Kg2 Qe7 40.
Qe4 Qb4 41. Qd3 Qe7 42. Qe4 1/2-1/2

[Event "42.OStM"]
[Site "Bergisch Gladbach"]
[Date "2022.09.30"]
[Round "5.8"]
[White "Winckler, Andreas"]
[Black "Schiffer, Hans Joachim"]
[Result "1/2-1/2"]
[WhiteElo "1728"]
[BlackElo "1485"]
[PlyCount "132"]
[EventDate "2022.??.??"]
[EventType "swiss"]
[EventRounds "7"]
[SourceVersionDate "2022.09.06"]

1. b4 e5 2. Bb2 Bxb4 3. Bxe5 Nf6 4. Nf3 O-O 5. e3 Re8 6. c3 Be7 7. Be2 d6 8.
Bg3 Nc6 9. h3 Bd7 10. O-O d5 11. d3 h6 12. Nbd2 Be6 13. Rb1 b6 14. Qa4 Bd7 15.
Qc2 Be6 16. c4 Nb4 17. Qa4 c5 18. a3 Bd7 19. Qb3 dxc4 20. Nxc4 Nc6 21. Rfd1 Be6
22. Qc2 Qc8 23. Nfd2 Rd8 24. Bf3 Bd5 25. e4 Nd4 26. Qb2 Nxf3+ 27. gxf3 Bxc4 28.
Nxc4 Qxh3 29. Ne3 Nh5 30. Nf1 Bh4 31. Bc7 Rd7 32. Qe5 Bf6 33. Qh2 Qxf3 34. e5
Qg4+ 35. Kh1 Qh4 36. exf6 Qxh2+ 37. Bxh2 Nxf6 38. Be5 Ng4 39. Bg3 Rad8 40. Rd2
Rxd3 41. Rbd1 Rxd2 42. Rxd2 Rxd2 43. Nxd2 b5 44. Ne4 c4 45. f3 Ne3 46. Nc3 a6
47. Kg1 Kf8 48. Bd6+ Ke8 49. a4 bxa4 50. Nxa4 Nd5 51. Be5 f6 52. Bd4 c3 53.
Nxc3 Nxc3 54. Bxc3 Kf7 55. Kf2 g5 56. f4 Ke6 57. fxg5 fxg5 58. Kg3 Kf5 59. Ba5
h5 60. Bc7 Ke4 61. Bd8 g4 62. Bc7 Kd5 63. Kh4 Kc6 64. Bg3 a5 65. Kxh5 a4 66.
Kxg4 a3 1/2-1/2

[Event "42.OStM"]
[Site "Bergisch Gladbach"]
[Date "2022.09.30"]
[Round "5.9"]
[White "Rohleder, Traugott"]
[Black "Reuter, Carlo"]
[Result "1-0"]
[WhiteElo "1630"]
[BlackElo "1296"]
[PlyCount "75"]
[EventDate "2022.??.??"]
[EventType "swiss"]
[EventRounds "7"]
[SourceVersionDate "2022.09.06"]

1. c4 e5 2. Nc3 Bb4 3. g3 Nf6 4. Bg2 Nc6 5. Nf3 d6 6. O-O O-O 7. a3 Bxc3 8.
bxc3 Be6 9. d3 h6 10. Rb1 Rb8 11. Be3 Qd7 12. Qc1 Kh7 13. Nh4 Bh3 14. f4 Bxg2
15. Kxg2 e4 16. f5 exd3 17. exd3 Ne5 18. Qd2 Qc6+ 19. Kg1 Nfg4 20. Bd4 Qa4 21.
f6 g5 22. Nf5 Qc6 23. h3 Nxf6 24. Qf2 Nxd3 25. Qe2 Qe4 26. Qxe4 Nxe4 27. Bxa7
Ra8 28. Rxb7 c6 29. Rf3 Ne5 30. Re3 Nd2 31. Nxd6 Nexc4 32. Nxc4 Nxc4 33. Ree7
Kg6 34. a4 Nd6 35. Rb6 Rfd8 36. Rc7 Kg7 37. Rbxc6 Nb5 38. axb5 1-0

[Event "42.OStM"]
[Site "Bergisch Gladbach"]
[Date "2022.09.30"]
[Round "5.11"]
[White "Klein, Dieter"]
[Black "Bernecker, Jan Magnus"]
[Result "0-1"]
[WhiteElo "1587"]
[BlackElo "1462"]
[PlyCount "108"]
[EventDate "2022.??.??"]
[EventType "swiss"]
[EventRounds "7"]
[SourceVersionDate "2022.09.06"]

1. e4 e5 2. Nf3 Nc6 3. Bc4 Bc5 4. c3 Nf6 5. d4 exd4 6. e5 Ng8 7. O-O d5 8. exd6
Qxd6 9. Re1+ Be6 10. Ng5 O-O-O 11. Nxe6 fxe6 12. Bxe6+ Kb8 13. c4 Nf6 14. a3
Rhe8 15. Bf7 Re7 16. b4 Rxf7 17. bxc5 Qxc5 18. Nd2 Na5 19. Rb1 a6 20. Nb3 Nxb3
21. Qxb3 b6 22. Qd3 Re7 23. Rxe7 Qxe7 24. Bf4 Ka7 25. a4 a5 26. f3 c5 27. Kf2
Re8 28. Bd2 g6 29. Re1 Qf7 30. Rxe8 Qxe8 31. Qb3 Qe6 32. Qb5 Qd7 33. Qb3 Ne8
34. Bf4 Qf5 35. Bb8+ Kb7 36. g4 Qg5 37. f4 Qxg4 38. Be5 Nc7 39. h3 Qf5 40. Qf3+
Kb8 41. Qb3 Kb7 42. Qf3+ Kc8 43. Qb3 Qe6 44. Kg3 g5 45. Qd3 gxf4+ 46. Bxf4 Qg6+
47. Qxg6 hxg6 48. Kg4 Ne6 49. Bd2 Kd7 50. h4 Ke7 51. h5 gxh5+ 52. Kxh5 Nc7 53.
Kg5 Ne8 54. Kf5 Nd6+ 0-1

[Event "42.OStM"]
[Site "Bergisch Gladbach"]
[Date "2022.09.30"]
[Round "5.13"]
[White "Roder, Stephan"]
[Black "Stetten, Joachim"]
[Result "1-0"]
[WhiteElo "1495"]
[BlackElo "1515"]
[PlyCount "117"]
[EventDate "2022.??.??"]
[EventType "swiss"]
[EventRounds "7"]
[SourceVersionDate "2022.09.06"]

1. d4 d5 2. Bf4 Nf6 3. e3 c5 4. c3 Qb6 5. Qb3 c4 6. Qxb6 axb6 7. Na3 Bd7 8. Bc7
b5 9. Nc2 Nc6 10. Nf3 e6 11. a3 Be7 12. Be2 O-O 13. Ne5 Nxe5 14. Bxe5 Ne8 15.
h3 Bd6 16. O-O f6 17. Bxd6 Nxd6 18. f3 Be8 19. g4 Bg6 20. Nb4 h6 21. Rf2 f5 22.
Raf1 f4 23. exf4 Rxf4 24. Re1 Raf8 25. Ref1 h5 26. Kg2 h4 27. Bd1 Re8 28. Re1
Bf7 29. Bc2 g5 30. Re5 Kg7 31. Rxg5+ Kh6 32. Re5 Rf8 33. Ree2 Nc8 34. a4 bxa4
35. Bxa4 Nb6 36. Bd1 Kg6 37. b3 Kf6 38. Ra2 cxb3 39. Bxb3 Nc4 40. Nd3 Kg5 41.
Nxf4 Ne3+ 42. Kg1 Kxf4 43. Ra7 Rb8 44. Ra1 Bg6 45. Rc1 b5 46. Ra1 Rb6 47. Ra8
Rb7 48. Rf8+ Bf7 49. Rh8 Kg3 50. g5 Ra7 51. Ra2 Rxa2 52. Bxa2 Kxh3 53. Bb3 Nf5
54. Bc2 Kg3 55. Bxf5 exf5 56. Rf8 Bg6 57. Rf6 Bh5 58. Rxf5 h3 59. g6 1-0

[Event "42.OStM"]
[Site "Bergisch Gladbach"]
[Date "2022.09.30"]
[Round "5.14"]
[White "Ehmann, Florian"]
[Black "Hoferichter, Michael"]
[Result "0-1"]
[WhiteElo "1190"]
[BlackElo "1468"]
[PlyCount "70"]
[EventDate "2022.??.??"]
[EventType "swiss"]
[EventRounds "7"]
[SourceVersionDate "2022.09.06"]

1. e4 c6 2. d4 d5 3. Nc3 dxe4 4. Nxe4 Bf5 5. Nc3 e6 6. Nf3 Nf6 7. Bd3 Bg4 8.
Ne4 Bxf3 9. Nxf6+ Qxf6 10. Qxf3 Qxd4 11. c3 Qe5+ 12. Qe4 Bd6 13. Qxe5 Bxe5 14.
Be3 O-O 15. O-O-O a5 16. Bc5 Re8 17. g3 a4 18. a3 Na6 19. Bb6 Nc7 20. f4 Nd5
21. Rhe1 Bxf4+ 22. gxf4 Nxb6 23. Rg1 Rad8 24. Rd2 Rd6 25. Rgd1 g6 26. Re1 Red8
27. Kc2 Nc4 28. Rdd1 Nxb2 29. Kxb2 Rxd3 30. Rxd3 Rxd3 31. Re4 b5 32. Rd4 Rxd4
33. cxd4 Kg7 34. Kc3 Kf6 35. Kb4 Ke7 0-1

[Event "42.OStM"]
[Site "Bergisch Gladbach"]
[Date "2022.09.30"]
[Round "5.15"]
[White "Schüers, Christian"]
[Black "Schneider, Erich"]
[Result "1-0"]
[WhiteElo "1480"]
[BlackElo "1195"]
[PlyCount "87"]
[EventDate "2022.??.??"]
[EventType "swiss"]
[EventRounds "7"]
[SourceVersionDate "2022.09.06"]

1. d4 d5 2. Nf3 Nf6 3. h3 c5 4. c3 Nc6 5. e3 Bf5 6. Bb5 e6 7. Nbd2 Be7 8. Ne5
Qb6 9. Bxc6+ bxc6 10. O-O O-O 11. Re1 Rfd8 12. b3 Nd7 13. Ndf3 Be4 14. Nxd7
Rxd7 15. Ne5 Rdd8 16. Qh5 Bg6 17. Qe2 Bf5 18. Bd2 f6 19. Nd3 Rab8 20. dxc5 Bxc5
21. b4 Be7 22. a3 Qc7 23. Rec1 e5 24. Ne1 e4 25. g4 Bg6 26. Ng2 Qe5 27. Nf4 Bf7
28. Qf1 Bd6 29. Qg2 Qg5 30. Ne2 Be8 31. f4 exf3 32. Qxf3 Bd7 33. Nf4 Re8 34.
Kf2 f5 35. Rg1 g6 36. gxf5 Qxf5 37. Rac1 Bxf4 38. exf4 Qxh3 39. Qxh3 Bxh3 40.
Rce1 Kf7 41. Rh1 Bf5 42. Rxh7+ Kf6 43. Rxa7 Rbc8 44. Be3 1-0

[Event "42.OStM"]
[Site "Bergisch Gladbach"]
[Date "2022.09.30"]
[Round "5.17"]
[White "Ramien, Eva"]
[Black "Höffken, Hartmut"]
[Result "1-0"]
[WhiteElo "994"]
[BlackElo "841"]
[PlyCount "86"]
[EventDate "2022.??.??"]
[EventType "swiss"]
[EventRounds "7"]
[SourceVersionDate "2022.09.06"]

1. e4 c5 2. Nf3 d6 3. Nc3 Nf6 4. Bc4 g6 5. d4 cxd4 6. Nxd4 Bg7 7. Be3 O-O 8. h3
Nc6 9. O-O Bd7 10. Bb5 a6 11. Bxc6 bxc6 12. Re1 d5 13. e5 Ne4 14. Nxe4 dxe4 15.
Bf4 c5 16. Nb3 Rc8 17. Rxe4 Bc6 18. Qxd8 Rfxd8 19. Rc4 Rd5 20. Rxc5 Rxc5 21.
Nxc5 a5 22. c3 Bd5 23. Nd3 f6 24. exf6 Bxf6 25. Be5 Bc4 26. Bxf6 exf6 27. Ne1
Kg7 28. Nf3 Rd8 29. b3 Be6 30. Re1 Bc8 31. Re7+ Kh6 32. b4 axb4 33. cxb4 Rd1+
34. Kh2 Ra1 35. Ra7 Rb1 36. a3 Rb2 37. Kg1 Rb1+ 38. Kh2 Rb2 39. Nd4 Rxf2 40. b5
Rd2 41. Nc6 Rd7 42. b6 Bb7 43. Na5 Bd5 1-0

[Event "42.OStM"]
[Site "Bergisch Gladbach"]
[Date "2022.10.21"]
[Round "6.1"]
[White "Belyaev, Ilja"]
[Black "Weclawski, Roman"]
[Result "1-0"]
[WhiteElo "2091"]
[BlackElo "1906"]
[PlyCount "87"]
[EventDate "2022.??.??"]
[EventType "swiss"]
[EventRounds "7"]
[SourceVersionDate "2022.09.06"]

1. e4 Nf6 2. e5 Nd5 3. d4 d6 4. Nf3 Bg4 5. Be2 e6 6. O-O Be7 7. c4 Nb6 8. h3
Bh5 9. Nc3 N8d7 10. exd6 cxd6 11. b3 O-O 12. Bb2 Rc8 13. Re1 Nf6 14. Qd2 h6 15.
Rad1 Re8 16. Qe3 Nbd7 17. Bd3 Nf8 18. Ne2 Bg6 19. Nf4 Bxd3 20. Nxd3 b6 21. Nd2
N6d7 22. Qg3 Nf6 23. Re3 d5 24. Ne5 Bd6 25. f4 N6d7 26. Qf3 dxc4 27. bxc4 Qh4
28. Kh1 Nf6 29. f5 N8h7 30. fxe6 Rxe6 31. Rf1 Rce8 32. Qf5 R6e7 33. Qd3 Ng5 34.
Ndf3 Nxf3 35. Rexf3 Qe4 36. Qd1 Bxe5 37. dxe5 Nd7 38. Rf4 Qc6 39. Qh5 Qg6 40.
Qf3 Nc5 41. Rg4 Qe6 42. Qg3 f5 43. exf6 Rf7 44. Rxg7+ 1-0

[Event "42.OStM"]
[Site "Bergisch Gladbach"]
[Date "2022.10.21"]
[Round "6.2"]
[White "Mohaupt, Sascha"]
[Black "Türkkan, Nuh"]
[Result "1/2-1/2"]
[WhiteElo "2209"]
[BlackElo "1842"]
[PlyCount "65"]
[EventDate "2022.??.??"]
[EventType "swiss"]
[EventRounds "7"]
[SourceVersionDate "2022.09.06"]

1. e4 c5 2. Nf3 Nc6 3. Bb5 Qb6 4. Nc3 e6 5. O-O Nd4 6. Bc4 Ne7 7. d3 Nec6 8.
Nxd4 Nxd4 9. f4 Be7 10. f5 O-O 11. f6 Bxf6 12. Rxf6 d5 13. exd5 gxf6 14. Bh6
Nf5 15. Qg4+ Kh8 16. Bxf8 Bd7 17. Be7 Nxe7 18. Qh4 exd5 19. Nxd5 Nxd5 20. Bxd5
Qxb2 21. Rf1 f5 22. Bxf7 Rf8 23. Qe7 Qg7 24. Qxd7 Qxf7 25. Qd6 b6 26. Qe5+ Qg7
27. Rxf5 Rxf5 28. Qxf5 Qa1+ 29. Kf2 Qxa2 30. Qf8+ Qg8 31. Qf6+ Qg7 32. Qd8+ Qg8
33. Qf6+ 1/2-1/2

[Event "42.OStM"]
[Site "Bergisch Gladbach"]
[Date "2022.10.21"]
[Round "6.3"]
[White "Themm, Rainer"]
[Black "Harringer, Manfred"]
[Result "1-0"]
[WhiteElo "1843"]
[BlackElo "2021"]
[PlyCount "143"]
[EventDate "2022.??.??"]
[EventType "swiss"]
[EventRounds "7"]
[SourceVersionDate "2022.09.06"]

1. c4 Nf6 2. Nc3 e6 3. g3 d5 4. cxd5 exd5 5. d4 Bd6 6. Bg2 c6 7. Nf3 O-O 8. O-O
Re8 9. Qc2 Bg4 10. Bg5 Nbd7 11. Rfe1 h6 12. Bxf6 Nxf6 13. Nd2 Bb4 14. Nb3 Bxc3
15. bxc3 Bh5 16. Nc5 Bg6 17. Qd2 b6 18. Nd3 Ne4 19. Bxe4 Bxe4 20. f3 Bh7 21.
Nf2 Qf6 22. Rac1 Rad8 23. Ng4 Qd6 24. Kf2 c5 25. Qf4 f6 26. Qxd6 Rxd6 27. Ne3
Kf8 28. Rcd1 c4 29. Rd2 Ke7 30. Rb2 Kd7 31. Nc2 Bxc2 32. Rxc2 Rde6 33. e3 f5
34. f4 g5 35. h3 gxf4 36. gxf4 Rg8 37. Kf3 Reg6 38. Rh2 b5 39. Rb1 Kc6 40. Kf2
a6 41. a4 bxa4 42. Rb4 a5 43. Rxa4 Kb5 44. Ra1 Ka6 45. Rb1 a4 46. Rb4 Ka5 47.
Rb7 a3 48. Kf3 Rg3+ 49. Kf2 R3g7 50. Rb1 Rg6 51. Kf3 Rg3+ 52. Kf2 R8g7 53. Rb8
R3g6 54. Kf3 Ka6 55. Rb4 Ka7 56. Ra4+ Kb8 57. Rxa3 Rg3+ 58. Kf2 Kc7 59. Ra7+
Kb6 60. Rxg7 Rxg7 61. Rg2 Ra7 62. Rg6+ Kb5 63. Rd6 Ka4 64. Rb6 Rg7 65. Rb8 h5
66. Rb4+ Ka3 67. Rb5 h4 68. Rxd5 Kb3 69. Rxf5 Kxc3 70. d5 Kd2 71. d6 c3 72.
Rd5+ 1-0

[Event "42.OStM"]
[Site "Bergisch Gladbach"]
[Date "2022.10.21"]
[Round "6.6"]
[White "Bigott, Martin"]
[Black "Kuhn, Andreas"]
[Result "1-0"]
[WhiteElo "1790"]
[BlackElo "1919"]
[PlyCount "69"]
[EventDate "2022.??.??"]
[EventType "swiss"]
[EventRounds "7"]
[SourceVersionDate "2022.09.06"]

1. d4 Nf6 2. Bg5 d5 3. Bxf6 exf6 4. e3 Be6 5. Bd3 c5 6. c3 c4 7. Bc2 f5 8. Nd2
Bd6 9. g3 Nd7 10. Nxc4 dxc4 11. d5 Qc7 12. Nf3 Nc5 13. dxe6 fxe6 14. Qe2 Nd3+
15. Bxd3 cxd3 16. Qxd3 O-O-O 17. Qe2 Rhe8 18. O-O-O e5 19. Rd2 g6 20. Rhd1 Be7
21. Rxd8+ Rxd8 22. Rxd8+ Bxd8 23. Qb5 e4 24. Nd4 a6 25. Qd5 Qd7 26. Qg8 Kc7 27.
Ne6+ Kc8 28. c4 Qd3 29. Qxd8+ Qxd8 30. Nxd8 Kxd8 31. Kc2 Kd7 32. Kc3 Ke6 33.
Kd4 Kd6 34. b4 b6 35. h3 1-0

[Event "42.OStM"]
[Site "Bergisch Gladbach"]
[Date "2022.10.21"]
[Round "6.7"]
[White "Hertling, Jürgen"]
[Black "Müller, Rene"]
[Result "1-0"]
[WhiteElo "1680"]
[BlackElo "1919"]
[PlyCount "69"]
[EventDate "2022.??.??"]
[EventType "swiss"]
[EventRounds "7"]
[SourceVersionDate "2022.09.06"]

1. d4 Nf6 2. c4 d6 3. Nc3 g6 4. e4 Bg7 5. Nf3 O-O 6. Be2 Nc6 7. O-O e5 8. Be3
Ng4 9. Bg5 f6 10. Bc1 h5 11. d5 Ne7 12. Ne1 f5 13. f3 Nf6 14. Be3 f4 15. Bf2 g5
16. c5 Ng6 17. cxd6 cxd6 18. Rc1 Rf7 19. Qb3 Bf8 20. Nb5 g4 21. Nxa7 Nxe4 22.
fxe4 Rxa7 23. Rxc8 Qxc8 24. Bxa7 Nh4 25. Bf2 Nxg2 26. Kxg2 f3+ 27. Nxf3 gxf3+
28. Bxf3 Bh6 29. Bxh5 Rg7+ 30. Bg3 Bf4 31. Be2 Qe8 32. Kh1 Qg6 33. Qf3 Bg5 34.
Qf8+ Kh7 35. Qf5 1-0

[Event "42.OStM"]
[Site "Bergisch Gladbach"]
[Date "2022.10.21"]
[Round "6.8"]
[White "Lobbes, Frank"]
[Black "Rohleder, Traugott"]
[Result "1/2-1/2"]
[WhiteElo "1753"]
[BlackElo "1630"]
[PlyCount "39"]
[EventDate "2022.??.??"]
[EventType "swiss"]
[EventRounds "7"]
[SourceVersionDate "2022.09.06"]

1. e4 c5 2. Nf3 d6 3. d4 cxd4 4. Qxd4 Nc6 5. Bb5 a6 6. Bxc6+ bxc6 7. O-O c5 8.
Qd3 g6 9. Re1 Bg7 10. c4 Qc7 11. Nc3 Nf6 12. b3 O-O 13. Bb2 e6 14. Rad1 Rd8 15.
e5 Ne8 16. Ne4 d5 17. Ba3 Bxe5 18. Nxe5 Qxe5 19. Nxc5 Qc7 20. cxd5 1/2-1/2

[Event "42.OStM"]
[Site "Bergisch Gladbach"]
[Date "2022.10.21"]
[Round "6.9"]
[White "Nichte, Philipp"]
[Black "Roder, Stephan"]
[Result "1-0"]
[WhiteElo "1744"]
[BlackElo "1495"]
[PlyCount "49"]
[EventDate "2022.??.??"]
[EventType "swiss"]
[EventRounds "7"]
[SourceVersionDate "2022.09.06"]

1. d4 d5 2. c4 Nf6 3. cxd5 Qxd5 4. Nc3 Qd8 5. e4 e6 6. Nf3 Be7 7. Bc4 c6 8. a3
O-O 9. Qc2 h6 10. g4 b5 11. Bb3 Qa5 12. Bd2 Qb6 13. e5 Nh7 14. Ne4 Rd8 15. h4
Rxd4 16. Nxd4 Qxd4 17. Bc3 Qb6 18. g5 b4 19. axb4 Bxb4 20. O-O-O Na6 21. gxh6
g6 22. h5 Bb7 23. hxg6 fxg6 24. Nf6+ Nxf6 25. Qxg6+ 1-0